000 005230000a22001810004500
003 MACL
005 20160301145249.0
008 160301b xxu||||| |||| 00| 0 eng d
040 _aMACL
_cMACL
041 _aHindi
082 _a800
100 _aश्रीव्‍यथितह्रवय
_941651
245 _aहमारे गध्‍ाकार
260 _bरामप्रसाद एण्‍ड संस
_aआगरा
350 _a3
650 _aLiterature
_941652
942 _cHIN
_k800
_2ddc
999 _c25377
_d25377